2-0-5 JibJab lyrics - Statistics

General Stats
  • This quiz has been taken 56 times
  • The average score is 32 of 40
Answer Stats
Lyric Answer % Correct
Turns out ____ than 2-0-5! Better
100%
It’s been ____ to just get by Hard
100%
Half o’ _____ hates my guts Europe
91%
Theres an intifada brewin’ in the ___ ____ Gaza Strip
91%
With _____ and _____ (2 answers) Hurricanes, Terrorists
91%
I hope its ___ another year like 2-0-5 Not
91%
'Cause every problem in the ____ Lands right here on my desk World
91%
Here’s ____ the year 2-0-6 Hoping
88%
There's a spеcial prosecutor after my friend ____ Karl
88%
The last thing I need now is the ______ flu Avian
86%
But I’m doin’ the ____ i can! Best
86%
My approval rating’s in a ____ Dive
86%
Well ___ ___ is throwing fits Kim Jong
86%
I drive an SUV and take it in the ___! Rump
86%
Even there couldn’t get no ____ Rest
84%
From pirates in ______ Somalia
84%
There is a great sense of _____ Urgency
84%
Ah, don’t worry ‘bout ____ it’ll be just fine! Alaska
81%
I tried to get to _____ Crawford
81%
_____, GITMO too! FEMA
81%
The ______ marke is ‘bout to pop! Housing
81%
To that nutjob in ____! Iran
81%
All of our jobs, gone ______ Overseas
81%
Each _____ i make one dollar seventy-three! Week
81%
And ______ America is going bankrupt Industrial
79%
From _____, Katrina
79%
A leak investigation's got my White House in a ____ Snarl
79%
It’s hard to rule the ____ world Free
77%
____ Cells Stem
77%
Here’s hopin’ the ___ 2-0-6 Year
77%
And our energy ______ has put me in a bind Dependency
74%
With _______ marriage Same Sex
74%
We got to _____ the insurgency Squash
74%
Brings a few more _____ days! Brighter
72%
Tom ____! DeLay
72%
______ Libby Scooter
70%
Oh the _____’s a risin’ Deficit
67%
My ________ was a big flop Appointee
65%
And the _____’s on the Fritz Shuttle
63%
With record profits at the ____ Pump
60%
No matching quizzes found
Score Distribution
Percent of People with Each Score
Percentile by Number Answered
Your Score History
You have not taken this quiz